Письмо кузины Корф Шиллингу М. Ф. на немецком яз.

Доступно только в Электронных читальных залах Найти на картеНа карте
RUSMARC
00004185nac2a22003133x 450
0014a005320-8072-4eed-9911-ec18387340a3
00520211214190538.0
100##$a20211122l1896 k y0rusy50 ca
1010#$arus
$ager
102##$aRU
105##$ay z |||||
1220#$ad18961231
2001#$aПисьмо кузины Корф Шиллингу М. Ф. на немецком яз.
$j1896
215##$a1 лист
251##$cДело
300##$aЗаголовок дела на папке: Письмо кузины Корф Шиллингу М. Ф.
300##$aНа папке дела: 31/VIII-1896 г.
300##$aЧасть текста на немецком языке
300##$aЛист: 1 - открытое письмо с маркой
300##$aРукописный текст
330##$aВходит в раздел описи: Переписка
461#0$1001ff9fc58f-089b-437b-980d-902343bc59d8
$12001
$aШиллинг Маврикий Фабианович, барон, секретарь русского посольства в Вене
$1251
$cФонд
$1852
$j813
462#0$1001665c067c-d934-4316-b9df-5bf0ad49190b
$12001
$aДела постоянного хранения. 1817-1917
$vД. 555
$1251
$cОпись
$1852
$j1
5171#$aПисьмо кузины Корф Шиллингу М. Ф.
600#1$aШиллинг
$bМ. Ф.
$cбарон
$gМаврикий Фабианович
600#1$aКорф
801#0$aRU
$bGA_RF
801#1$aRU
$bГлавНИВЦ
$c20211122
$2rusmarc
801#2$aRU
$bПБ им. Б.Н. Ельцина
$c20211214
$gRCR
$2rusmarc
852##$aГА РФ
$j555
937##$d171604720
$hГАРФ
035##$aRuPRLIB51061423
856##$uhttp://readingroom.main.prlib.ru/item.aspx?id_node=n171604720&mode=full
Формат отображения